All Everglow Songs (until Zombie) - Statistics

General Stats
  • This quiz has been taken 8 times
  • The average score is 10 of 29
Answer Stats
Answer % Correct
FIRST
100%
Adios
83%
Bon Bon Chocolat
83%
DUN DUN
83%
Pirate
83%
ZOMBIE
83%
LA DI DA
67%
SLAY
67%
Hush
50%
UNTOUCHABLE
50%
DON’T ASK DON’T TELL
33%
GxxD BOY
33%
Moon
33%
NO LIE
33%
PLEASE PLEASE
33%
Company
17%
PLAYER
17%
SALUTE
17%
BACK 2 LUV
0%
Back Together
0%
COLOURZ
0%
D+1
0%
Don’t Speak
0%
Ghost Light
0%
Make Me Feel
0%
Nighty Night
0%
NO GOOD REASON
0%
Oh Ma Ma God
0%
You Don’t Know Me
0%
No matching quizzes found
Score Distribution
Percent of People with Each Score
Percentile by Number Answered
Your Score History
You have not taken this quiz